00357nam a2200133Ia 4500008004100000041000800041082001600049100002000065245004500085250001400130260004300144300003100187365000500218240624s9999 xx 000 0 und d aeng a658.404 LIE aLIENTZ BENNET P aBREAKTHROUGH TECHNOLOGY PROJECT MANAGEME a(2nd ed.) c2001aSan DiegobButterworth Heinemann axxv, : 342 : p. : cm. ; 23 c